Escudos das Equipes do Brasileirão Série D - Edição 2026 - Statistics

Estatísticas Gerais
  • Esse quiz foi jogado 169 vezes
  • A pontuação média é 59 de 96
Estatísticas das Respostas
Imagem Resposta % Correto
Portuguesa - SP
100%
Sampaio Corrêa - MA
99%
Joinville - SC
98%
América - RJ
97%
Brasiliense - DF
97%
CSA - AL
97%
Gama - DF
97%
ABC - RN
96%
Água Santa - SP
96%
XV de Piracicaba - SP
96%
Nova Iguaçu - RJ
93%
América - RN
92%
Brasil de Pelotas - RS
92%
Ferroviário - CE
91%
Madureira - RJ
91%
Luverdense - MT
90%
Tombense - MG
90%
Sousa - PB
88%
Portuguesa - RJ
87%
São José - RS
86%
Retrô - PE
85%
Águia de Marabá - PA
83%
Treze - PB
82%
Tuna Luso - PA
82%
Velo Clube - SP
81%
Moto Club - MA
80%
Mixto - MT
79%
ASA - AL
78%
Aparecidense - GO
77%
Azuriz - PR
77%
Pouso Alegre - MG
77%
Cascavel - PR
76%
Altos - PI
74%
Cianorte - PR
73%
Manaus - AM
73%
Rio Branco - ES
73%
Sergipe - SE
73%
Sampaio Corrêa - RJ
72%
Capital - DF
66%
Uberlândia - MG
66%
Ceilândia - DF
65%
Nacional - AM
65%
Tocantinópolis - TO
65%
Fluminense - PI
64%
Independência - AC
62%
Lagarto - SE
62%
Jacuipense - BA
61%
Marcílio Dias - SC
60%
Imperatriz - MA
59%
Maricá - RJ
59%
Maracanã - CE
57%
Operário - MS
57%
Trem - AP
57%
São Raimundo - RR
56%
Manauara - AM
55%
Gazin Porto Velho - RO
52%
São Luiz - RS
52%
GAS - RR
50%
Galvez - AC
48%
Humaitá - AC
47%
Operário - MT
47%
Guarany de Bagé - RS
46%
Iguatu - CE
46%
Noroeste - SP
46%
Primavera - MT
45%
CRAC - GO
44%
CSE - AL
44%
Alagoinhas - BA
43%
Central - PE
43%
Independente - PR
42%
Maguary - PE
42%
Atlético Cearense - CE
41%
Laguna - RN
41%
Monte Roraima - RR
39%
União - MT
39%
Araguaína - TO
38%
Blumenau - SC
38%
Vitória - ES
38%
IAPE - MA
37%
Juazeirense - BA
37%
Parnahyba - PI
37%
Piauí - PI
35%
Betim - MG
34%
Porto - BA
34%
Santa Catarina - SC
33%
Tirol - CE
33%
Democrata - MG
32%
Goiatuba - GO
32%
Real Noroeste - ES
31%
Decisão Goiana - PE
28%
Oratório - AP
27%
Inhumas - GO
25%
Pantanal - MS
25%
Serra Branca - PB
25%
ABECAT - GO
23%
Guaporé - RO
23%
Nenhum quiz correspondente encontrado
Distribuição das Pontuações
Porcentagem de Pessoas com Cada Pontuação
Percentil de Números Respondidos
Sua Pontuação Histórica
Você não jogou esse quiz